Obce okresu Tábor - Statistics

General Stats
  • This quiz has been taken 10 times
  • The average score is 14 of 110
Answer Stats
Počet obyvatel Odpověď % Correct
34 356 Tábor
100%
7 079 Sezimovo Ústí
90%
4 815 Bechyně
80%
4 614 Planá nad Lužnicí
80%
7 070 Soběslav
80%
6 515 Veselí nad Lužnicí
80%
2 568 Chýnov
70%
2 705 Mladá Vožice
50%
1 433 Opařany
50%
1 912 Chotoviny
40%
484 Choustník
40%
511 Slapy
40%
846 Dražice
30%
2 132 Jistebnice
30%
177 Lom
30%
149 Balkova Lhota
20%
222 Dráchov
20%
128 Komárov
20%
1 893 Malšice
20%
245 Oldřichov
20%
339 Řípec
20%
568 Roudná
20%
588 Stádlec
20%
776 Sudoměřice u Bechyně
20%
330 Sudoměřice u Tábora
20%
813 Tučapy
20%
249 Borkovice
10%
256 Březnice
10%
370 Budislav
10%
424 Dírná
10%
149 Drahov
10%
173 Dražičky
10%
700 Klenovice
10%
774 Košice
10%
141 Mažice
10%
441 Myslkovice
10%
92 Nasavrky
10%
325 Nová Ves u Chýnova
10%
345 Přehořov
10%
169 Radkov
10%
815 Ratibořské Hory
10%
334 Sviny
10%
284 Turovec
10%
404 Ústrašice
10%
306 Vesce
10%
332 Vlastiboř
10%
241 Zálší
10%
1 036 Želeč
10%
288 Žíšov
10%
290 Zlukov
10%
401 Zvěrotice
10%
79 Bečice
0%
195 Běleč
0%
723 Borotín
0%
45 Bradáčov
0%
80 Černýšovice
0%
123 Chotěmice
0%
163 Chrbonín
0%
164 Dlouhá Lhota
0%
113 Dobronice u Bechyně
0%
857 Dolní Hořice
0%
128 Dolní Hrachovice
0%
225 Drhovice
0%
74 Haškovcova Lhota
0%
135 Hlasivo
0%
427 Hlavatice
0%
93 Hodětín
0%
134 Hodonice
0%
75 Jedlany
0%
69 Katov
0%
103 Košín
0%
120 Krátošice
0%
164 Krtov
0%
122 Libějice
0%
183 Meziříčí
0%
112 Mezná
0%
120 Mlýny
0%
728 Nadějkov
0%
319 Nemyšl
0%
197 Nová Ves u Mladé Vožice
0%
58 Pohnánec
0%
80 Pohnání
0%
103 Pojbuky
0%
112 Psárov
0%
497 Radenín
0%
251 Radětice
0%
62 Radimovice u Tábora
0%
444 Radimovice u Želče
0%
219 Rataje
0%
99 Řemíčov
0%
286 Řepeč
0%
94 Rodná
0%
353 Šebířov
0%
222 Sedlečko u Soběslavě
0%
537 Skalice
0%
170 Skopytce
0%
150 Skrýchov u Malšic
0%
126 Slapsko
0%
357 Smilovy Hory
0%
51 Svrabov
0%
70 Třebějice
0%
253 Val
0%
153 Vilice
0%
104 Vlčeves
0%
180 Vlkov
0%
154 Vodice
0%
36 Zadní Střítež
0%
69 Záhoří
0%
107 Zhoř u Mladé Vožice
0%
169 Zhoř u Tábora
0%
No matching quizzes found
Score Distribution
Percent of People with Each Score
Percentile by Number Answered
Your Score History
You have not taken this quiz